Locating ventilation inlets to reduce ingress of external pollutants into buildings (Record no. 115178)
[ view plain ]
| 000 -LEADER | |
|---|---|
| fixed length control field | 01583cam a22002775a 4500 |
| 001 - CONTROL NUMBER | |
| control field | L158161 |
| 008 - FIXED-LENGTH DATA ELEMENTS--GENERAL INFORMATION | |
| fixed length control field | 111107s2014 xxko f 000 0 eng d |
| 020 ## - INTERNATIONAL STANDARD BOOK NUMBER | |
| International Standard Book Number | 9781848063754 |
| 035 ## - SYSTEM CONTROL NUMBER | |
| System control number | (Sirsi) u158161 |
| 041 0# - LANGUAGE CODE | |
| Language code of text/sound track or separate title | eng |
| 050 04 - LIBRARY OF CONGRESS CALL NUMBER | |
| Classification number | 333.72 $2 18 |
| 100 1# - MAIN ENTRY--PERSONAL NAME | |
| Personal name | Cheng, Hong |
| 245 00 - TITLE STATEMENT | |
| Title | Locating ventilation inlets to reduce ingress of external pollutants into buildings |
| Remainder of title | A new methodology |
| 260 ## - PUBLICATION, DISTRIBUTION, ETC. | |
| Place of publication, distribution, etc. | Watford |
| Name of publisher, distributor, etc. | BRE |
| Date of publication, distribution, etc. | 2014 |
| 300 ## - PHYSICAL DESCRIPTION | |
| Extent | 16p. |
| Other physical details | ill. |
| Dimensions | 30cm. |
| 490 #0 - SERIES STATEMENT | |
| Series statement | BRE Information Paper |
| Volume/sequential designation | (9/14) |
| 520 ## - SUMMARY, ETC. | |
| Summary, etc. | This information paper focuses on use of Pollutant Ingress Index to develop more effective ventilation of buildings. Effective ventilation of buildings to provide optimum indoor air quality relies on good outdoor air quality in the locality of the building. However, in practice, outdoor air is often contaminated by pollutants from external sources. A new methodology giving a Pollutant Ingress Index has been developed to identify the areas of a building where pollutant ingress is most likely to occur and to determine the relative magnitude of this ingress. Application of the methodology will assist with optimum placement of building ventilation inlets, carrying out more effective air quality assessments in relation to indoor air quality, and developing strategies to protect building occupants from toxic contaminants releases. |
| 521 ## - TARGET AUDIENCE NOTE | |
| Target audience note | Advanced |
| 590 ## - LOCAL NOTE (RLIN) | |
| Local note | KA |
| 650 24 - SUBJECT ADDED ENTRY--TOPICAL TERM | |
| Topical term or geographic name entry element | Pollutant Ingress Index |
| 651 #4 - SUBJECT ADDED ENTRY--GEOGRAPHIC NAME | |
| Geographic name | United Kingdom |
| Chronological subdivision | |
| 690 ## - LOCAL SUBJECT ADDED ENTRY--TOPICAL TERM (OCLC, RLIN) | |
| Topical term or geographic name as entry element | Environment |
| 9 (RLIN) | 6238 |
| 700 1# - ADDED ENTRY--PERSONAL NAME | |
| Personal name | Kukadia, Vina |
| 700 1# - ADDED ENTRY--PERSONAL NAME | |
| Personal name | Hall, David |
| 942 ## - ADDED ENTRY ELEMENTS (KOHA) | |
| Suppress in OPAC | 0 |
| Withdrawn status | Lost status | Source of classification or shelving scheme | Damaged status | Not for loan | Home library | Current library | Shelving location | Date acquired | Total Checkouts | Full call number | Barcode | Date last seen | Copy number | Price effective from | Koha item type |
|---|---|---|---|---|---|---|---|---|---|---|---|---|---|---|---|
| Dewey Decimal Classification | London | London | BRE publications | 25/09/2014 | BRE | 30075251 | 06/08/2019 | 1 | 06/08/2019 | Book |